| 000 | 00963nam a2200337 a 4500 | ||
|---|---|---|---|
| 003 | AR-BaBNM | ||
| 005 | 20251128204434.0 | ||
| 008 | 082120s2002 ||||||||||||||000 | spa|| | ||
| 020 | _a950-13-6318-X | ||
| 040 | _cAR-BaBNM | ||
| 100 | 1 | _aNelson, Clarence H. | |
| 245 | 0 | 0 | _aMediciones y evaluación en el aula |
| 260 |
_aBuenos Aires _bKapelusz _c1993 |
||
| 300 |
_a141 p. _btablas |
||
| 490 | 0 | _aPedagogía práctica | |
| 500 | _aPrefacio por el autor | ||
| 650 | 4 | _aEVALUACION DEL ALUMNO | |
| 650 | 4 | _aEVALUACION INTERNA | |
| 650 | 4 | _aPRUEBAS ESCOLARES | |
| 650 | 4 | _aCRITERIOS DE EVALUACION | |
| 650 | 4 | _aELABORACION DE PRUEBAS | |
| 650 | 4 | _aPRUEBAS OBJETIVAS | |
| 650 | 4 | _aPRUEBAS DE CONOCIMIENTOS | |
| 650 | 4 | _aOBJETIVOS EDUCACIONALES | |
| 650 | 4 | _aPRUEBAS ESTANDARIZADAS | |
| 650 | 4 | _aPRUEBAS DE RENDIMIENTO | |
| 650 | 4 | _aCLASIFICACION DE LOS ALUMNOS | |
| 700 | 1 |
_aUcha de Davie, Iris _etraductor |
|
| 942 | _cBK | ||
| 998 | _cCarmen | ||
| 999 |
_c7428 _d7428 |
||